Logo Biblioteca

Comunicación y culturas del consumo / (Registro nro. 520)

Detalles MARC
000 -LEADER
fixed length control field 01136nam a22002057a 4500
003 - CONTROL NUMBER IDENTIFIER
control field OSt
005 - DATE AND TIME OF LATEST TRANSACTION
control field 20250606094857.0
008 - FIXED-LENGTH DATA ELEMENTS--GENERAL INFORMATION
fixed length control field 250606s2021 ag ||||| |||| 00| 0 spa d
020 ## - INTERNATIONAL STANDARD BOOK NUMBER
International Standard Book Number 9789878321943
040 ## - CATALOGING SOURCE
Transcribing agency OSt
100 1# - MAIN ENTRY--PERSONAL NAME
Personal name Carbonaro, Esteban,
Relator term autor
245 10 - TITLE STATEMENT
Title Comunicación y culturas del consumo /
Statement of responsibility, etc. Esteban Carbonaro, Laura Catanzariti, Romina Fritz
260 ## - PUBLICATION, DISTRIBUTION, ETC.
Place of publication, distribution, etc. Buenos Aires :
Name of publisher, distributor, etc. Maipue,
Date of publication, distribution, etc. 2021
300 ## - PHYSICAL DESCRIPTION
Extent 192 p.
505 ## - FORMATTED CONTENTS NOTE
Formatted contents note Cap. 1. De la sociedad de consumo a la sociedad de consumidores: surgimiento y desarrollo de los medios de comunicación -- Cap. 2. Mercado y consumo: economía y consumo -- Cap. 3. Cultura y consumo: ¿qué relación hay entre cultura y consumo? -- Cap. 4. Política, comunicación y consumo: el Estado y la gestión de las emisiones televisivas -- Cap. 5. Marketing -- Definiciones y diferencias: historia de la publicidad y el marketing -- Cap. 6: Publicidad: publicidad y propaganda. Diferencias y similitudes -- Bibliografía.-
650 #4 - SUBJECT ADDED ENTRY--TOPICAL TERM
Topical term or geographic name entry element Comunicación
General subdivision Sociedad
-- Economía
-- Consumo
700 #1 - ADDED ENTRY--PERSONAL NAME
Personal name Catanzariti, Laura,
Relator term autor
700 #1 - ADDED ENTRY--PERSONAL NAME
Personal name Fritz, Romina,
Relator term autor
942 ## - ADDED ENTRY ELEMENTS (KOHA)
Source of classification or shelving scheme Universal Decimal Classification
Koha item type Libro de préstamo a domicilio
Suppress in OPAC No
Existencias
Withdrawn status Lost status Source of classification or shelving scheme Damaged status Not for loan Collection Home library Current library Date acquired Total checkouts Full call number Barcode Date last seen Date last checked out Price effective from Koha item type
    Universal Decimal Classification     Colección General Biblioteca Escuela de Ciencias Sociales Biblioteca Escuela de Ciencias Sociales 06/06/2025 1 007 C264 000794 17/04/2026 27/03/2026 06/06/2025 Libro de préstamo a domicilio
Biblioteca de la Escuela Preuniversitaria en Ciencias Sociales y Humanísticas.
Riobamba 250 bis.
CP 2000 - Rosario - Santa Fe
E-Mail: biblioteca@esociales.unr.edu.ar